My rozhodneme.sk 333 dobrých dôvodov, prečo ísť voliť

Salvato in:
Dettagli Bibliografici
Altri autori: Demeš, Pavol
Natura: Libro
Lingua:slovacco
Pubblicazione: Bratislava Inštitút pre verejné otázky 2002
Serie:Tak to vidím ja
Soggetti:
Tags: Aggiungi Tag
Nessun Tag, puoi essere il primo ad aggiungerne!!

MARC

LEADER 00000nam a2200000 4500
001 c141084
005 20221124092530.0
020 |a 80-88935-29-6 
041 0 |a slo 
044 |a SK 
245 1 0 |a My rozhodneme.sk  |b 333 dobrých dôvodov, prečo ísť voliť  |c [editor a autor projektu: Pavol Demeš] 
264 1 |a Bratislava  |b Inštitút pre verejné otázky  |c 2002 
300 |a 143 s. 
490 1 |a Tak to vidím ja 
830 0 |a Tak to vidím ja 
610 2 0 |a voľby 
610 2 0 |a strany politické 
610 2 0 |a právo volebné 
610 2 0 |a história 
610 2 0 |a osobnosť 
610 2 0 |a príručky 
610 2 0 |a Slovensko 
700 1 |a Demeš, Pavol